| 000 | 00000nas##2200000za#4500 |
| 001 | 9.504727 |
| 003 | CaOODSP |
| 005 | 20250319164509 |
| 007 | cr ||||||||||| |
| 008 | 150406c1999||||xxc|| p o||||f| |0eng|d |
| 040 | |aCaOODSP|beng |
| 043 | |an-cn--- |
| 086 | 1 |aNH2-42E-PDF |
| 110 | 2 |aCanada Mortgage and Housing Corporation. |
| 245 | 14|aThe retirement home market study - Quebec |h[electronic resource] |
| 260 | |aMontreal - Quebec : |bCanada Mortgage and Housing Corporation |
| 310 | |aAnnual |
| 362 | 1 |a[199-? - 2006?] |
| 690 | 07|aHousing|2gcpds |
| 690 | 07|aSeniors|2gcpds |
| 775 | 08|tLes résidences pour personnes âgées, étude de marché - Québec |w(CaOODSP)9.501138 |
| 776 | 0#|tRetirement home market study - Quebec |w(CaOODSP)9.515390 |
| 785 | 00|tRetirement home market study - Quebec |w(CaOODSP)9.505434 |